LEADER 00888nas a2200229 i 4500 001 000000145248 003 CaOOAMICUS 005 20051206000000.0 008 051117b2005 ne uu u0 0mul r 013 $a120640 040 $aSeMil$bita 245 10$a[2005 : October]. 260 $aLeiden ; Boston :$bBrill,$ccopyr. 2005. 300 $aP. [429]-581, xiii p. ;$c24 cm. 500 $aArticoli con sintesi in inglese [Abstract] in coda. - Frontespizio del Vol. 55. in coda al fascicolo. 773 0 $tVetus Testamentum.$dLeiden : Brill, 1951.$x0042-4935$w()3098 774 0 $t[vedi periodico].$w()263095 850 $aSeMil 852 $aSeMil$W1$xVenegono$y1$m100 5 40$j98061$B98061$CSeMilBibl$Z2$F106646 $85 961 $aAbbonamento: Brill 996 $6245$a[2005 : October]$9(OLS)http://semarc/title/211744 996 $6260$aLeiden ; Boston :$bBrill$9(OLS)http://semarc/publisher/39473 LEADER 01126nam a2200253 i 4500 001 000000167111 003 CaOOAMICUS 005 20071123000000.0 008 071123s1947 it u000 u ita u 013 $a144482 040 $aSeMil$bita 100 1 $aRiposati, Benedetto <1903-1986>.$0(OLS)http://semarc/name/40019 245 10$aStudi sui Topica di Cicerone /$cBenedetto Riposati. 260 $aMilano :$bVita e Pensiero,$c1947. 300 $aXV, 338 p., [2] c. di tav. rip. ;$c25 cm. 490 0 $aPubblicazioni dell'Università Cattolica del S. Cuore. N.s ;$v22. 500 $aContiene : Nota bibliografica. 650 4$aCicerone, Marco Tullio <106-43 a.C.> - Opere.$0(OLS)http://semarc/subject/4193 830 0$aPubblicazioni dell'Università cattolica del Sacro Cuore. Nuova serie ;$v22.$0(OLS)http://semarc/title/41025 850 $aSeMil 852 $aSeMil$W1$xVenegono$y1$m1X V 6$j236378$B118268$CSeMilBibl$Z2$F129247 $81 961 $aRecupero: Altro 996 $6245$aStudi sui Topica di Cicerone$9(OLS)http://semarc/title/238964 996 $6260$aMilano :$bVita e Pensiero$9(OLS)http://semarc/publisher/29642